|
|
|
|
| LEADER |
01407nam a2200397 a 4500 |
| 001 |
000577688 |
| 003 |
CZ BrMZK |
| 005 |
20090305163711.0 |
| 007 |
ta |
| 008 |
011109s2001 xr e p cze d |
| 015 |
|
|
|a cnb001033241
|
| 020 |
|
|
|a 80-7168-762-6
|
| 035 |
|
|
|a (OCoLC)50343602
|
| 040 |
|
|
|a BOA001
|b cze
|
| 041 |
0 |
|
|a cze
|a rom
|
| 043 |
|
|
|a e-xr---
|
| 072 |
|
7 |
|a 930.85
|x Dějiny civilizace. Kulturní dějiny
|2 Konspekt
|9 8
|
| 072 |
|
7 |
|a 37.016
|x Učební osnovy. Vyučovací předměty. Učebnice
|2 Konspekt
|9 22
|
| 080 |
|
|
|a 93/94
|2 MRF
|
| 080 |
|
|
|a 94(=214.58)
|2 MRF
|
| 080 |
|
|
|a (437.3)
|2 MRF
|
| 080 |
|
|
|a (075.2)
|2 MRF
|
| 100 |
1 |
|
|a Mann, Arne B.,
|d 1952-
|7 xx0000392
|4 aut
|
| 245 |
1 |
0 |
|a Romský dějepis /
|c Arne B. Mann
|
| 250 |
|
|
|a Vyd. 1.
|
| 260 |
|
|
|a Praha :
|b Fortuna,
|c 2001
|
| 300 |
|
|
|a 48 s. :
|b il., portréty, mapy (některé barev.), noty ;
|c 30 cm
|
| 500 |
|
|
|a Část. romský text
|
| 650 |
0 |
7 |
|a Romové
|7 ph118051
|z Česko
|2 czenas
|
| 650 |
0 |
7 |
|a dějepis
|7 ph117186
|2 czenas
|
| 650 |
0 |
7 |
|a Romové
|7 ph118051
|x dějiny
|2 czenas
|
| 655 |
|
7 |
|a učebnice základních škol
|7 fd133773
|2 czenas
|
| 856 |
4 |
1 |
|u https://www.digitalniknihovna.cz/mzk/uuid/uuid:9258a1f0-3724-11e4-8f64-005056827e52
|y Digitalizovaný dokument
|x NDK
|
| 910 |
|
|
|a BOA001
|b 3-1093.610
|
| 990 |
|
|
|a BK
|
| 996 |
6 |
|
|b 2610147033
|c 3-1093.610
|l MZK
|r Sklad / do 1 hodiny
|n 15
|p p.v.
|w 000577688
|u 000010
|a 1
|e BOA001
|j MZK50
|s P
|